| 000 -LEADER |
| fixed length control field |
01466cam a22003497a 4500 |
| 001 - CONTROL NUMBER |
| control field |
15036680 |
| 005 - DATE AND TIME OF LATEST TRANSACTION |
| control field |
20230112172933.0 |
| 008 - FIXED-LENGTH DATA ELEMENTS--GENERAL INFORMATION |
| fixed length control field |
070928s2007 gw ae b 001 0 eng c |
| 010 ## - LIBRARY OF CONGRESS CONTROL NUMBER |
| LC control number |
2007493035 |
| 020 ## - INTERNATIONAL STANDARD BOOK NUMBER |
| International Standard Book Number |
3930698838 |
| 020 ## - INTERNATIONAL STANDARD BOOK NUMBER |
| International Standard Book Number |
9783930698837 |
| 035 ## - SYSTEM CONTROL NUMBER |
| System control number |
(OCoLC)ocn153580884 |
| 040 ## - CATALOGING SOURCE |
| Original cataloging agency |
YDXCP |
| Transcribing agency |
YDXCP |
| Modifying agency |
BTCTA |
| -- |
BAKER |
| -- |
OHX |
| -- |
ZCU |
| -- |
DLC |
| 043 ## - GEOGRAPHIC AREA CODE |
| Geographic area code |
w------ |
| 050 00 - LIBRARY OF CONGRESS CALL NUMBER |
| Classification number |
NA2542.T7 |
| Item number |
P67 2007 |
| 245 00 - TITLE STATEMENT |
| Title |
Plusminus 20°/40° latitude : |
| Remainder of title |
sustainable building design in tropical and subtropical regions / |
| Statement of responsibility, etc. |
Dirk U. Hindrichs, Klaus Daniels (eds.) ; with contributions by Sonja Berthold ... [et al.]. |
| 246 3# - VARYING FORM OF TITLE |
| Title proper/short title |
Plus minus 20°/40° latitude |
| 246 3# - VARYING FORM OF TITLE |
| Title proper/short title |
Plus minus 20 degree/40 degree latitude |
| 260 ## - PUBLICATION, DISTRIBUTION, ETC. |
| Place of publication, distribution, etc. |
Stuttgart ; |
| -- |
London : |
| Name of publisher, distributor, etc. |
Edition Axel Menges, |
| Date of publication, distribution, etc. |
c2007. |
| 300 ## - PHYSICAL DESCRIPTION |
| Extent |
457 p. : |
| Other physical details |
ill. (some col.), plans ; |
| Dimensions |
30 cm. |
| 504 ## - BIBLIOGRAPHY, ETC. NOTE |
| Bibliography, etc. note |
Includes bibliographical references (p. 453) and index. |
| 650 #0 - SUBJECT ADDED ENTRY--TOPICAL TERM |
| Topical term or geographic name entry element |
Sustainable architecture |
| Geographic subdivision |
Tropics. |
| 650 #0 - SUBJECT ADDED ENTRY--TOPICAL TERM |
| Topical term or geographic name entry element |
Architecture, Tropical. |
| 650 #0 - SUBJECT ADDED ENTRY--TOPICAL TERM |
| Topical term or geographic name entry element |
Sustainable buildings |
| Geographic subdivision |
Tropics |
| General subdivision |
Design and construction. |
| 700 1# - ADDED ENTRY--PERSONAL NAME |
| Personal name |
Hindrichs, Dirk U. |
| 700 1# - ADDED ENTRY--PERSONAL NAME |
| Personal name |
Daniels, Klaus. |
| 700 1# - ADDED ENTRY--PERSONAL NAME |
| Personal name |
Berthold, Sonja. |
| 906 ## - LOCAL DATA ELEMENT F, LDF (RLIN) |
| a |
7 |
| b |
cbc |
| c |
pccadap |
| d |
2 |
| e |
ncip |
| f |
20 |
| g |
y-gencatlg |
| 923 ## - |
| -- |
20071002 |
| -- |
0110877 |
| -- |
GyWOH |
| 925 0# - |
| -- |
acquire |
| -- |
1 shelf copy |
| -- |
policy default |
| 955 ## - COPY-LEVEL INFORMATION (RLIN) |
| -- |
jh32 2007-12-13/jh12 to BCCD |